[Event "2 Bundesliga Ost 2007/2008"]
[Site "20 2110Bruck,3011 212Bade"]
[Date "2007.10.21"]
[Round "2"]
[Board "6"]
[White "Wiedermann, Franz"]
[Black "Hudec, Marcus"]
[Result "1-0"]
[WhiteElo "2135"]
[BlackElo "2070"]
[PlyCount "69"]
[EventDate "2007.10.20"]
[EventType "team"]
[EventRounds "11"]
[EventCountry "AUT"]
[WhiteTeam "SV Stockerau"]
[BlackTeam "SPG Data Technology Eichgraben/P"]

1.d4 d5 2.c4 c6 3.cxd5 cxd5 4.Nf3 Nf6 5.Nc3 e6 6.Bf4 Nc6 7.e3 a6 8.Bd3 Be7 9.Ne5
Nd7 10.Nxc6 bxc6 11.O-O O-O 12.Na4 c5 13.Nxc5 Nxc5 14.dxc5 a5 15.Rc1 Ba6 16.c6
Qb6 17.Bxa6 Rxa6 18.Qd3 Rc8 19.c7 Qb7 20.Rc2 Bd6 21.Bxd6 Rxd6 22.Rfc1 g6 23.Qd4
Rd7 24.Qf6 Qb4 25.Rc5 d4 26.R5c4 Qxb2 27.exd4 Qxa2 28.h4 Qa3 29.Rc5 Qb4 30.R1c4
Qb2 31.h5 gxh5 32.Rg5+ Kf8 33.Qh8+ Ke7 34.Qxc8 Qe2 35.Qxd7+

[Event "2 Bundesliga Ost 2007/2008"]
[Site "20 2110Bruck,3011 212Bade"]
[Date "2007.10.21"]
[Round "2"]
[Board "1"]
[White "Sulyok, Michael"]
[Black "Kleiser, Gregor"]
[Result "0-1"]
[WhiteElo "2255"]
[BlackElo "2323"]
[PlyCount "166"]
[EventDate "2007.10.20"]
[EventType "team"]
[EventRounds "11"]
[EventCountry "AUT"]
[WhiteTeam "SK Advisory Invest Baden"]
[BlackTeam "SV Tschaturanga Neubau"]

1.c4 c6 2.e4 d5 3.exd5 cxd5 4.cxd5 Nf6 5.Nc3 Nxd5 6.Nf3 e6 7.Bc4 Nb6 8.Bb3 N8d7
9.d4 Nf6 10.O-O Be7 11.Re1 O-O 12.Qd3 Bd7 13.Ne5 Rc8 14.Bg5 Bc6 15.Nxc6 Rxc6
16.Rad1 Qc7 17.Bc2 g6 18.Qf3 Nbd5 19.Nxd5 Nxd5 20.Bxe7 Nxe7 21.Be4 Rb6 22.b3 Rd8
23.d5 e5 24.g4 Rbd6 25.g5 Qa5 26.Qg3 Rxd5 27.Bxd5 Rxd5 28.Qe3 Nc6 29.Rxd5 Qxd5
30.f3 Nd4 31.Kf2 Qa5 32.a4 Nc2 33.Qxe5 Qb6+ 34.Kg3 Nxe1 35.Qxe1 Qxb3 36.Qe8+ Kg7
37.Qe5+ Kf8 38.Qb8+ Ke7 39.Qxa7 Kd6 40.Qd4+ Qd5 41.Qh4 Qd2 42.Qxh7 Qxg5+ 43.Kf2
Ke7 44.Qh8 Qd2+ 45.Kg3 Qg5+ 46.Kf2 Qc5+ 47.Kg2 Qc2+ 48.Kg3 Qc7+ 49.Kg2 Qc2+
50.Kg3 Qxa4 51.Qe5+ Kd7 52.Qd5+ Kc8 53.Qxf7 Qc6 54.Qf8+ Kc7 55.Qe7+ Kb8 56.f4 b5
57.Kg4 Qg2+ 58.Kh4 Qxh2+ 59.Kg4 Qh5+ 60.Kg3 Qf5 61.Kf3 Kc8 62.Ke3 Qh3+ 63.Kf2
Qd3 64.Kg2 Qd7 65.Qb4 Kb7 66.Kg3 Qd3+ 67.Kh4 Qf5 68.Kg3 Kc6 69.Qc3+ Kd5 70.Qb3+
Kd4 71.Qb4+ Ke3 72.Qe1+ Kd3 73.Qb4 Kc2 74.Kh4 Qh5+ 75.Kg3 Qd5 76.Kh4 Qh5+ 77.Kg3
Qd5 78.Kh4 Qd3 79.Kg5 Kd1 80.Kh6 Ke2 81.Kg5 Kf3 82.Kh6 Kg4 83.Kh7 g5+

[Event "2 Bundesliga Ost 2007/2008"]
[Site "20 2110Bruck,3011 212Bade"]
[Date "2007.10.21"]
[Round "2"]
[Board "2"]
[White "Wukits, Rene"]
[Black "Miniboeck, Guenter"]
[Result "1-0"]
[WhiteElo "2302"]
[BlackElo "2355"]
[PlyCount "77"]
[EventDate "2007.10.20"]
[EventType "team"]
[EventRounds "11"]
[EventCountry "AUT"]
[WhiteTeam "SV Tschaturanga Neubau"]
[BlackTeam "SK Advisory Invest Baden"]

1.d4 f5 2.g3 Nf6 3.Bg2 g6 4.Nh3 Bg7 5.Nf4 Nc6 6.c4 d6 7.d5 Ne5 8.O-O O-O 9.Na3
c5 10.dxc6 bxc6 11.Nc2 Bd7 12.b3 Nf7 13.Bb2 e5 14.Nh3 Qe7 15.f3 Rfd8 16.Ba3 Be6
17.e4 fxe4 18.fxe4 Nxe4 19.Bxe4 Bxh3 20.Bxc6 Bxf1 21.Qxf1 Rac8 22.Bd5 Rf8 23.Rd1
Kh8 24.Bg2 Rcd8 25.Qe2 Qc7 26.Bc1 Qa5 27.Ne3 Qc5 28.a3 a5 29.Rd5 Qc7 30.Bd2 Ra8
31.Rb5 Ra7 32.Nd5 Qd8 33.Be3 Ra6 34.Rb7 Rc6 35.Qd2 e4 36.Bxe4 Qc8 37.Ra7 Ne5
38.Nf4 a4 39.Rxa4

[Event "2 Bundesliga Ost 2007/2008"]
[Site "20 2110Bruck,3011 212Bade"]
[Date "2007.10.21"]
[Round "2"]
[Board "3"]
[White "Schneider Zinner, Harald"]
[Black "Dueckstein, Andreas"]
[Result "1-0"]
[WhiteElo "2330"]
[BlackElo "2252"]
[PlyCount "37"]
[EventDate "2007.10.20"]
[EventType "team"]
[EventRounds "11"]
[EventCountry "AUT"]
[WhiteTeam "SK Advisory Invest Baden"]
[BlackTeam "SV Tschaturanga Neubau"]

1.d4 d5 2.Nf3 Nc6 3.c4 Bg4 4.Nc3 e6 5.cxd5 exd5 6.Bf4 Bxf3 7.gxf3 Bd6 8.Bg3 Nge7
9.Bh3 O-O 10.e3 a6 11.O-O b5 12.Rc1 f5 13.Nxd5 Nxd5 14.Rxc6 Qe8 15.Bxd6 Qxc6
16.Bxf8 Rxf8 17.f4 Qg6+ 18.Kh1 Nf6 19.Qb3+

[Event "2 Bundesliga Ost 2007/2008"]
[Site "20 2110Bruck,3011 212Bade"]
[Date "2007.10.21"]
[Round "2"]
[Board "4"]
[White "Wallner, Alfred"]
[Black "Herndlbauer, Martin"]
[Result "0-1"]
[WhiteElo "2256"]
[BlackElo "2134"]
[PlyCount "58"]
[EventDate "2007.10.20"]
[EventType "team"]
[EventRounds "11"]
[EventCountry "AUT"]
[WhiteTeam "SV Tschaturanga Neubau"]
[BlackTeam "SK Advisory Invest Baden"]

1.e4 c5 2.Nf3 Nc6 3.d4 cxd4 4.Nxd4 g6 5.Nc3 Bg7 6.Be3 Nf6 7.Bc4 O-O 8.Bb3 d6
9.f3 Bd7 10.Qd2 Ne5 11.h4 h5 12.O-O-O Rc8 13.Kb1 Rc4 14.Bxc4 Nxc4 15.Qe2 Nxe3
16.Qxe3 Qa5 17.Nb3 Qc7 18.Qxa7 Rb8 19.Nd5 Nxd5 20.Rxd5 Qc8 21.Qb6 Be6 22.Ra5 Qc4
23.Ra7 Rc8 24.Qf2 d5 25.Re1 dxe4 26.fxe4 Bf6 27.g3 Be5 28.Re3 Bd4 29.Nxd4 Qxd4

[Event "2 Bundesliga Ost 2007/2008"]
[Site "20 2110Bruck,3011 212Bade"]
[Date "2007.10.21"]
[Round "2"]
[Board "5"]
[White "Geismann, Bernhard"]
[Black "Schwaninger, Wolfgang"]
[Result "1/2-1/2"]
[WhiteElo "2099"]
[BlackElo "2175"]
[PlyCount "112"]
[EventDate "2007.10.20"]
[EventType "team"]
[EventRounds "11"]
[EventCountry "AUT"]
[WhiteTeam "SK Advisory Invest Baden"]
[BlackTeam "SV Tschaturanga Neubau"]

1.Nc3 c6 2.e4 d6 3.d4 g6 4.h4 h5 5.Be3 Nh6 6.Nh3 d5 7.exd5 cxd5 8.Nf4 e6 9.Bd3
Bb4 10.Bxg6 fxg6 11.Nxg6 Rg8 12.Qxh5 Qf6 13.Ne5+ Nf7 14.Rh3 Rh8 15.Qxf7+ Qxf7
16.Nxf7 Kxf7 17.Bg5 Nc6 18.O-O-O Be7 19.Rf3+ Kg6 20.Rg3 Bxg5+ 21.Rxg5+ Kf6 22.g3
Bd7 23.Ne2 Rag8 24.Rxg8 Rxg8 25.c3 b5 26.a3 a5 27.Nf4 b4 28.axb4 axb4 29.f3 Ra8
30.cxb4 Nxb4 31.Kd2 Nc6 32.Kc3 Rc8 33.Nd3 Ne7+ 34.Nc5 Nf5 35.Rg1 Bb5 36.h5 e5
37.dxe5+ Kxe5 38.Re1+ Kf6 39.Re6+ Kf7 40.Re5 Rxc5+ 41.Kb4 Rc4+ 42.Kxb5 Nd6+
43.Kb6 d4 44.h6 Kf6 45.h7 Rc8 46.Rd5 Nc4+ 47.Kb5 Nxb2 48.Rxd4 Kg7 49.Rd7+ Kh8
50.Kb4 Nc4 51.f4 Ne3 52.Kb5 Ng4 53.Rd5 Kxh7 54.Rh5+ Nh6 55.g4 Kg7 56.Rc5 Rb8+

[Event "2 Bundesliga Ost 2007/2008"]
[Site "20 2110Bruck,3011 212Bade"]
[Date "2007.10.21"]
[Round "2"]
[Board "6"]
[White "Froeschl, Felix"]
[Black "Perndl, Johann"]
[Result "1-0"]
[WhiteElo "2203"]
[BlackElo "2050"]
[PlyCount "81"]
[EventDate "2007.10.20"]
[EventType "team"]
[EventRounds "11"]
[EventCountry "AUT"]
[WhiteTeam "SV Tschaturanga Neubau"]
[BlackTeam "SK Advisory Invest Baden"]

1.d4 g6 2.c4 Bg7 3.Nc3 Nc6 4.d5 Ne5 5.e4 d6 6.Be2 f5 7.exf5 Bxf5 8.f4 Nf7 9.Nf3
c5 10.O-O Ngh6 11.h3 Bd7 12.Be3 Nf5 13.Bf2 Qb6 14.Qd2 e5 15.dxe6 Bxe6 16.Rad1
O-O 17.b3 Rad8 18.Nd5 Bxd5 19.cxd5 Rde8 20.Bc4 Qd8 21.Bb5 Re4 22.Rfe1 Rxe1+
23.Rxe1 a6 24.Bf1 Re8 25.Re6 Qd7 26.g4 Nd4 27.Nxd4 cxd4 28.Rxe8+ Qxe8 29.Bxd4
Bxd4+ 30.Qxd4 Qe1 31.Qd3 g5 32.Qf3 Qd2 33.fxg5 Qxg5 34.Bg2 Ne5 35.Qc3 h5 36.gxh5
Qxh5 37.Qc8+ Kg7 38.Qxb7+ Kh6 39.Qxa6 Qg6 40.Qe2 Qb1+ 41.Kh2

[Event "2 Bundesliga Ost 2007/2008"]
[Site "20 2110Bruck,3011 212Bade"]
[Date "2007.10.21"]
[Round "2"]
[Board "1"]
[White "Hagara, Eduard"]
[Black "Vlcek, Stanislav"]
[Result "1/2-1/2"]
[WhiteElo "2372"]
[BlackElo "2322"]
[PlyCount "108"]
[EventDate "2007.10.20"]
[EventType "team"]
[EventRounds "11"]
[EventCountry "AUT"]
[WhiteTeam "ASVOe SK Lackenbach"]
[BlackTeam "Blackburne Nickelsdorf"]

1.e4 c5 2.Nf3 d6 3.d4 cxd4 4.Nxd4 Nf6 5.Nc3 a6 6.Be2 e6 7.O-O Be7 8.f4 O-O 9.a4
Nc6 10.Be3 Bd7 11.Nb3 Na5 12.Nd2 Rc8 13.Bd3 e5 14.Nd5 Nxd5 15.exd5 exf4 16.Bd4
b5 17.b3 Nb7 18.axb5 axb5 19.b4 Bf6 20.Nb3 Be5 21.Kh1 g6 22.Qe2 Re8 23.Qf2 Ra8
24.Rxa8 Qxa8 25.Ra1 Qd8 26.Bb6 Qc8 27.Nd4 Nc5 28.bxc5 dxc5 29.Rf1 cxd4 30.Bxd4
Qc7 31.Bc5 Rc8 32.Bb4 Qb7 33.Qf3 Qb6 34.Bd2 Qd6 35.h3 Ra8 36.Rb1 Ra4 37.Kh2 Rd4
38.Bc3 Ra4 39.Bxe5 Qxe5 40.Bxb5 Bxb5 41.Rxb5 Rc4 42.Rb3 Rxc2 43.Rd3 Qe2 44.Qxe2
Rxe2 45.d6 Re8 46.Kg1 f6 47.Kf2 Kf7 48.Ra3 Ke6 49.Ra7 h5 50.Kf3 g5 51.h4 Kxd6
52.Ra6+ Ke7 53.hxg5 fxg5 54.Rg6 g4+

[Event "2 Bundesliga Ost 2007/2008"]
[Site "20 2110Bruck,3011 212Bade"]
[Date "2007.10.21"]
[Round "2"]
[Board "2"]
[White "Bachofner, Andreas"]
[Black "Vass, Frantisek"]
[Result "0-1"]
[WhiteElo "2246"]
[BlackElo "2417"]
[PlyCount "84"]
[EventDate "2007.10.20"]
[EventType "team"]
[EventRounds "11"]
[EventCountry "AUT"]
[WhiteTeam "Blackburne Nickelsdorf"]
[BlackTeam "ASVOe SK Lackenbach"]

1.e4 a6 2.d4 e6 3.f4 d5 4.e5 c5 5.c3 Bd7 6.Nf3 Qb6 7.a3 Bb5 8.Bxb5+ axb5 9.Be3
Nc6 10.Nbd2 Nh6 11.Qe2 Nf5 12.dxc5 Bxc5 13.Bxc5 Qxc5 14.Qf2 Qxf2+ 15.Kxf2 O-O
16.Rhe1 Ra4 17.g3 Rfa8 18.Rad1 Na5 19.Nf1 Nb3 20.Ne3 Nxe3 21.Rxe3 Rc8 22.Re2 h6
23.Ne1 Kf8 24.Nc2 Ke7 25.Nb4 Kd7 26.Kf3 Raa8 27.h4 Rc4 28.Nc2 Kc6 29.h5 Kc5
30.Ne3 Re4 31.Nc2 Rd8 32.Rde1 Rxe2 33.Rxe2 d4 34.cxd4+ Rxd4 35.Ke3 Rd1 36.Nb4
Nd4 37.Rg2 Kc4 38.g4 Re1+ 39.Kd2 Nf3+ 40.Kc2 Re4 41.Rf2 Rxf4 42.Rxf3 Rxf3

[Event "2 Bundesliga Ost 2007/2008"]
[Site "20 2110Bruck,3011 212Bade"]
[Date "2007.10.21"]
[Round "2"]
[Board "3"]
[White "Ranits, Franz"]
[Black "Koffler, Daniel"]
[Result "0-1"]
[WhiteElo "2214"]
[BlackElo "2213"]
[PlyCount "60"]
[EventDate "2007.10.20"]
[EventType "team"]
[EventRounds "11"]
[EventCountry "AUT"]
[WhiteTeam "ASVOe SK Lackenbach"]
[BlackTeam "Blackburne Nickelsdorf"]

1.e4 e5 2.Nf3 Nc6 3.c3 Nf6 4.d4 exd4 5.e5 Nd5 6.cxd4 Bb4+ 7.Bd2 Bxd2+ 8.Qxd2 d6
9.Nc3 Nxc3 10.Qxc3 dxe5 11.dxe5 O-O 12.Bb5 Bd7 13.O-O-O Qe7 14.Rhe1 Rad8 15.Kb1
Bf5+ 16.Kc1 Nb4 17.Bc4 b5 18.a3 c5 19.Rxd8 Rxd8 20.Rd1 Rc8 21.Rd6 a5 22.Bd5 Nxd5
23.Rxd5 b4 24.Qe3 h6 25.h3 Bg6 26.Nd2 c4 27.Rxa5 c3 28.Ne4 cxb2+ 29.Kxb2 bxa3+
30.Ka1 Qb4

[Event "2 Bundesliga Ost 2007/2008"]
[Site "20 2110Bruck,3011 212Bade"]
[Date "2007.10.21"]
[Round "2"]
[Board "4"]
[White "Jirovec, Alfred"]
[Black "Stranz, Richard"]
[Result "0-1"]
[WhiteElo "2112"]
[BlackElo "2226"]
[PlyCount "98"]
[EventDate "2007.10.20"]
[EventType "team"]
[EventRounds "11"]
[EventCountry "AUT"]
[WhiteTeam "Blackburne Nickelsdorf"]
[BlackTeam "ASVOe SK Lackenbach"]

1.d4 Nf6 2.Nf3 c5 3.e3 g6 4.Bd3 Bg7 5.O-O O-O 6.Nbd2 d5 7.c3 Qd6 8.Ne5 Nfd7 9.f4
f6 10.Nxd7 Bxd7 11.Nf3 Nc6 12.Qe1 e5 13.fxe5 fxe5 14.Qg3 Qe7 15.Bb5 e4 16.Ng5
Nxd4 17.exd4 Bxb5 18.Rxf8+ Rxf8 19.Be3 cxd4 20.cxd4 h6 21.Nh3 Kh7 22.Kh1 Qb4
23.Nf4 Qd6 24.a4 Bd7 25.b4 Rc8 26.Qf2 g5 27.Nh5 Rf8 28.Qd2 Bh8 29.b5 Bg4 30.Ng3
Rc8 31.Rf1 Rf8 32.Rc1 Bf6 33.Qa5 Rc8 34.Rf1 Kg6 35.Qxa7 Rc3 36.Bg1 e3 37.Qxb7 h5
38.a5 h4 39.Ne4 dxe4 40.Qxe4+ Kh6 41.Bxe3 Be2 42.Re1 Bxb5 43.Qxh4+ Kg6 44.Qe4+
Kg7 45.h4 Bc6 46.Qg4 Bd7 47.Qh5 Qg3 48.Qe2 Qxh4+ 49.Kg1 Rxe3

[Event "2 Bundesliga Ost 2007/2008"]
[Site "20 2110Bruck,3011 212Bade"]
[Date "2007.10.21"]
[Round "2"]
[Board "5"]
[White "Olle, Peter"]
[Black "Bachofner, Christian"]
[Result "1/2-1/2"]
[WhiteElo "2220"]
[BlackElo "2098"]
[PlyCount "100"]
[EventDate "2007.10.20"]
[EventType "team"]
[EventRounds "11"]
[EventCountry "AUT"]
[WhiteTeam "ASVOe SK Lackenbach"]
[BlackTeam "Blackburne Nickelsdorf"]

1.Nf3 d5 2.d4 c6 3.e3 Nf6 4.Ne5 Nbd7 5.Bd3 Qc7 6.f4 g6 7.Nd2 Bg7 8.O-O O-O 9.Qe1
c5 10.c3 b6 11.Qh4 Bb7 12.Rf3 Qd6 13.Rh3 h6 14.Be2 Ne4 15.Ng4 h5 16.Ne5 Bf6
17.Qe1 Kg7 18.Bxh5 Rh8 19.Nxe4 dxe4 20.Qg3 Bxe5 21.fxe5 Qc6 22.Bd2 Rh6 23.Bg4
Rxh3 24.Bxh3 e6 25.Rf1 Qb5 26.Bc1 Ba6 27.Re1 Qa4 28.a3 Rh8 29.Bg4 Qc2 30.h3 Bd3
31.Qf2 Qxf2+ 32.Kxf2 c4 33.Rh1 b5 34.h4 Nb6 35.Bd1 a5 36.Bd2 a4 37.g4 Nd5 38.Kg3
Rh7 39.Rh2 Ne7 40.Kg2 g5 41.Kg3 gxh4+ 42.Rxh4 Rxh4 43.Kxh4 Kg6 44.Bc1 Nd5 45.Bd2
Ne7 46.Bc1 Nd5 47.g5 Ne7 48.Bh5+ Kg7 49.Kg3 Nd5 50.Bd2 Ne7

[Event "2 Bundesliga Ost 2007/2008"]
[Site "20 2110Bruck,3011 212Bade"]
[Date "2007.10.21"]
[Round "2"]
[Board "6"]
[White "Steinert, Martin"]
[Black "Galavics, Hermann"]
[Result "0-1"]
[WhiteElo "2046"]
[BlackElo "2041"]
[PlyCount "110"]
[EventDate "2007.10.20"]
[EventType "team"]
[EventRounds "11"]
[EventCountry "AUT"]
[WhiteTeam "Blackburne Nickelsdorf"]
[BlackTeam "ASVOe SK Lackenbach"]

1.d4 d5 2.c4 c6 3.Nf3 Nf6 4.Qc2 e6 5.a3 a5 6.Bg5 Be7 7.Nbd2 Nbd7 8.e4 dxe4
9.Nxe4 Qc7 10.Nxf6+ Bxf6 11.Bxf6 Nxf6 12.Be2 c5 13.dxc5 Qxc5 14.O-O a4 15.Qc3
O-O 16.Qb4 b6 17.Rfd1 Ne4 18.Qe1 Ba6 19.Bd3 Nf6 20.Rac1 Rfd8 21.Ne5 Rd4 22.Qe3
Rad8 23.Be2 Rxd1+ 24.Rxd1 Qc7 25.Rxd8+ Qxd8 26.h3 h6 27.Bf3 Qc7 28.Qd4 Ne8
29.Bc6 Qd6 30.Qxd6 Nxd6 31.Bxa4 Nxc4 32.Nxc4 Bxc4 33.f4 Kf8 34.Kf2 Ke7 35.g3 Kd6
36.Ke3 Kd5 37.Be8 f6 38.Bf7 Bf1 39.f5 Bxh3 40.Bxe6+ Ke5 41.b4 Bxf5 42.Bxf5 Kxf5
43.Kd4 Ke6 44.a4 Kd6 45.a5 bxa5 46.bxa5 h5 47.Ke4 Kc6 48.Kf5 g5 49.Kxf6 h4 50.g4
h3 51.Kxg5 h2 52.Kf6 h1=Q 53.g5 Qh8+ 54.Kf7 Qh7+ 55.Kf6 Qg8

[Event "2 Bundesliga Ost 2007/2008"]
[Site "20 2110Bruck,3011 212Bade"]
[Date "2007.10.21"]
[Round "2"]
[Board "1"]
[White "Blatny, Pavel"]
[Black "Schlosser, Michael"]
[Result "0-1"]
[WhiteElo "2432"]
[BlackElo "2328"]
[PlyCount "96"]
[EventDate "2007.10.20"]
[EventType "team"]
[EventRounds "11"]
[EventCountry "AUT"]
[WhiteTeam "SK Zwettl"]
[BlackTeam "Aljechin/Wieden"]

1.b3 d5 2.Bb2 c5 3.e3 Nc6 4.f4 e6 5.Nf3 Nf6 6.g3 Be7 7.Bg2 O-O 8.Qe2 b5 9.Ne5
Qb6 10.a4 bxa4 11.Nxc6 Qxc6 12.Rxa4 a5 13.O-O Bd7 14.d3 Qb6 15.Ra1 a4 16.Nd2
axb3 17.cxb3 Rxa1 18.Rxa1 Bc6 19.g4 Ra8 20.Rb1 Ra2 21.g5 Nd7 22.h4 Qb4 23.Qf2
Bb5 24.Bf1 Bd8 25.h5 Ba5 26.Nf3 Qxb3 27.g6 Bxd3 28.gxf7+ Kxf7 29.Bxd3 Qxd3
30.Rf1 Qb5 31.f5 Qxb2 32.fxe6+ Kxe6 33.Qg3 Bd8 34.e4 Qf6 35.exd5+ Kxd5 36.Qg4
Kc6 37.Rd1 Nb6 38.h6 gxh6 39.Qe4+ Kc7 40.Qxh7+ Be7 41.Re1 Ra1 42.Rxa1 Qxa1+
43.Kg2 Qf6 44.Qe4 Bd6 45.Qh7+ Nd7 46.Qg8 Qb2+ 47.Kh3 Qf2 48.Qg4 h5

[Event "2 Bundesliga Ost 2007/2008"]
[Site "20 2110Bruck,3011 212Bade"]
[Date "2007.10.21"]
[Round "2"]
[Board "2"]
[White "Hodisch, Juri"]
[Black "Vyskocil, Neklan"]
[Result "1/2-1/2"]
[WhiteElo "2357"]
[BlackElo "2308"]
[PlyCount "51"]
[EventDate "2007.10.20"]
[EventType "team"]
[EventRounds "11"]
[EventCountry "AUT"]
[WhiteTeam "Aljechin/Wieden"]
[BlackTeam "SK Zwettl"]

1.d4 Nf6 2.c4 e6 3.Nc3 Bb4 4.e3 O-O 5.Nge2 Re8 6.a3 Bf8 7.d5 a5 8.g3 Na6 9.b3
Nc5 10.Bb2 exd5 11.Nxd5 Nxd5 12.cxd5 b6 13.Nf4 Bb7 14.Be2 Bd6 15.O-O Qe7 16.Bf3
Ba6 17.b4 Ne4 18.Qd4 f6 19.Rfd1 axb4 20.axb4 Ng5 21.Bg2 Bb5 22.h4 Nf7 23.Bc3 Be5
24.Qd2 Nd6 25.Bxe5 fxe5 26.Nd3

[Event "2 Bundesliga Ost 2007/2008"]
[Site "20 2110Bruck,3011 212Bade"]
[Date "2007.10.21"]
[Round "2"]
[Board "3"]
[White "Holemar, David"]
[Black "Wirius, Stefan"]
[Result "1-0"]
[WhiteElo "2314"]
[BlackElo "2281"]
[PlyCount "61"]
[EventDate "2007.10.20"]
[EventType "team"]
[EventRounds "11"]
[EventCountry "AUT"]
[WhiteTeam "SK Zwettl"]
[BlackTeam "Aljechin/Wieden"]

1.d4 Nf6 2.c4 e6 3.Nc3 d5 4.cxd5 exd5 5.Bg5 Be7 6.e3 O-O 7.Bd3 c6 8.Qc2 Nbd7
9.Nge2 Re8 10.O-O Nf8 11.f3 Ng6 12.Nf4 Nd7 13.Bxe7 Qxe7 14.Rae1 Nxf4 15.exf4
Qxe1 16.Rxe1 Rxe1+ 17.Kf2 Re7 18.Bxh7+ Kh8 19.Bd3 Nf6 20.Ne2 Bd7 21.g4 Rae8
22.h3 b6 23.Ng3 Rc8 24.Qd2 Ne8 25.Bc2 Nd6 26.f5 f6 27.Nh5 Be8 28.Nxf6 Nc4 29.Qg5
gxf6 30.Qxf6+ Rg7 31.Qh6+

[Event "2 Bundesliga Ost 2007/2008"]
[Site "20 2110Bruck,3011 212Bade"]
[Date "2007.10.21"]
[Round "2"]
[Board "4"]
[White "Vitouch, Anatol"]
[Black "Wagner, Stefan"]
[Result "1-0"]
[WhiteElo "2211"]
[BlackElo "2103"]
[PlyCount "79"]
[EventDate "2007.10.20"]
[EventType "team"]
[EventRounds "11"]
[EventCountry "AUT"]
[WhiteTeam "Aljechin/Wieden"]
[BlackTeam "SK Zwettl"]

1.Nf3 d5 2.c4 c6 3.g3 Nf6 4.Bg2 Bf5 5.cxd5 cxd5 6.Qb3 Qc7 7.Nc3 e6 8.d3 Nc6
9.Bf4 Bb4 10.O-O Bxc3 11.bxc3 O-O 12.Rab1 Na5 13.Qa4 Qd8 14.Ne5 Rc8 15.Rfc1 b6
16.c4 dxc4 17.Nxc4 Nxc4 18.Rxc4 Rxc4 19.Qxc4 Qe7 20.Bd2 Qd7 21.Rc1 e5 22.Bc6 Qc7
23.Qb5 Rc8 24.d4 a6 25.Qxa6 exd4 26.Bb7 Qxc1+ 27.Bxc1 Rxc1+ 28.Kg2 h5 29.Qxb6
Rc2 30.Bf3 Rxa2 31.Qxd4 Bg4 32.h3 Bxf3+ 33.Kxf3 Ra3+ 34.e3 Ra2 35.Qe5 Ra8 36.g4
hxg4+ 37.hxg4 Re8 38.Qb5 Re6 39.Qd3 Re5 40.Kf4

[Event "2 Bundesliga Ost 2007/2008"]
[Site "20 2110Bruck,3011 212Bade"]
[Date "2007.10.21"]
[Round "2"]
[Board "5"]
[White "Hangweyrer, Roman"]
[Black "Wirius, Johannes"]
[Result "0-1"]
[WhiteElo "2143"]
[BlackElo "2181"]
[PlyCount "94"]
[EventDate "2007.10.20"]
[EventType "team"]
[EventRounds "11"]
[EventCountry "AUT"]
[WhiteTeam "SK Zwettl"]
[BlackTeam "Aljechin/Wieden"]

1.Nf3 c5 2.c4 Nc6 3.Nc3 g6 4.d4 cxd4 5.Nxd4 Bg7 6.Nxc6 bxc6 7.e4 d6 8.Be2 Nf6
9.O-O O-O 10.Be3 Qc7 11.c5 Rb8 12.cxd6 exd6 13.Qc2 Rd8 14.Rac1 Qe7 15.Rfd1 Bg4
16.f3 Be6 17.b3 h6 18.Na4 Rbc8 19.Qd2 d5 20.e5 Nd7 21.Ba6 Rc7 22.f4 Nb8 23.Bc5
Qd7 24.Be2 Bf8 25.Bxf8 Rxf8 26.Nc5 Qe7 27.Rc3 Bc8 28.Rdc1 Kh7 29.g4 f6 30.e6 f5
31.g5 h5 32.Re3 Qd6 33.Re5 Re7 34.Qe3 Rfe8 35.Qh3 Kg8 36.Bxh5 Rh7 37.Bxg6 Rxh3
38.Bxe8 Kf8 39.Bg6 Ke7 40.Rxf5 Re3 41.Bf7 Na6 42.g6 Kf8 43.Nxa6 Bxa6 44.e7+ Rxe7
45.Bxd5+ Kg7 46.Rxc6 Qb4 47.Rc1 Qd2

[Event "2 Bundesliga Ost 2007/2008"]
[Site "20 2110Bruck,3011 212Bade"]
[Date "2007.10.21"]
[Round "2"]
[Board "6"]
[White "Zaynard, Andreas"]
[Black "Vykydal, Frantisek"]
[Result "1/2-1/2"]
[WhiteElo "2078"]
[BlackElo "2238"]
[PlyCount "33"]
[EventDate "2007.10.20"]
[EventType "team"]
[EventRounds "11"]
[EventCountry "AUT"]
[WhiteTeam "Aljechin/Wieden"]
[BlackTeam "SK Zwettl"]

1.e4 Nf6 2.e5 Nd5 3.c4 Nb6 4.c5 Nd5 5.Bc4 e6 6.Nc3 Nxc3 7.dxc3 Bxc5 8.Qg4 Kf8
9.Nf3 a5 10.Qh5 Nc6 11.Bf4 Qe8 12.Ng5 h6 13.Ne4 Be7 14.Qf3 b6 15.O-O-O Bb7
16.Rhe1 Nd8 17.Qd3

[Event "2 Bundesliga Ost 2007/2008"]
[Site "20 2110Bruck,3011 212Bade"]
[Date "2007.11.30"]
[Round "3"]
[Board "3"]
[White "Vitouch, Anatol"]
[Black "Beim, Valeri"]
[Result "0-1"]
[WhiteElo "2211"]
[BlackElo "2523"]
[PlyCount "78"]
[EventDate "2007.10.20"]
[EventType "team"]
[EventRounds "11"]
[EventCountry "AUT"]
[WhiteTeam "Aljechin/Wieden"]
[BlackTeam "Husek Wien"]

1.Nf3 d6 2.d4 g6 3.c4 f5 4.b4 Nf6 5.Bb2 Bg7 6.g3 c6 7.Bg2 O-O 8.O-O Na6 9.Qb3
Nc7 10.Nc3 Kh8 11.d5 e5 12.dxc6 bxc6 13.c5 e4 14.Nd4 dxc5 15.Nxc6 Qe8 16.b5 Be6
17.Qc2 Nxb5 18.Nxb5 Qxc6 19.Nd4 Qb6 20.Nxe6 Qxe6 21.f3 Rac8 22.fxe4 Nxe4
23.Bxg7+ Kxg7 24.Rab1 Nd6 25.Rfd1 Rc7 26.Qb2+ Rf6 27.Qb8 Re7 28.Qd8 Nf7 29.Qa5
c4 30.Re1 Qe3+ 31.Kh1 Rb6 32.Rbc1 Nd6 33.Qc3+ Qxc3 34.Rxc3 Rb2 35.Bd5 Rbxe2
36.Rxe2 Rxe2 37.Bxc4 Nxc4 38.Rxc4 Rxa2 39.Rc7+ Kh6

[Event "2 Bundesliga Ost 2007/2008"]
[Site "20 2110Bruck,3011 212Bade"]
[Date "2007.11.30"]
[Round "3"]
[Board "4"]
[White "Boros, Denes"]
[Black "Wirius, Johannes"]
[Result "1-0"]
[WhiteElo "2460"]
[BlackElo "2181"]
[PlyCount "137"]
[EventDate "2007.10.20"]
[EventType "team"]
[EventRounds "11"]
[EventCountry "AUT"]
[WhiteTeam "Husek Wien"]
[BlackTeam "Aljechin/Wieden"]

1.e4 Nf6 2.e5 Nd5 3.d4 d6 4.c4 Nb6 5.exd6 cxd6 6.Nc3 g6 7.Be3 Bg7 8.Rc1 O-O 9.b3
Nc6 10.d5 Ne5 11.Be2 h5 12.Nf3 Ng4 13.Bg5 Nd7 14.O-O Qa5 15.Qd2 Nc5 16.Nd4 Re8
17.h3 Nf6 18.Be3 a6 19.Qc2 Bd7 20.Rb1 e5 21.dxe6 Nxe6 22.Rfd1 d5 23.b4 Qc7 24.c5
Rad8 25.Nxe6 Bxe6 26.Bd4 Qf4 27.Qc1 Qxc1 28.Rbxc1 Ne4 29.Na4 Bh6 30.Rc2 Bg7
31.Nb6 Bxd4 32.Rxd4 Kg7 33.Rc1 Kf6 34.f4 g5 35.fxg5+ Kxg5 36.a4 Rg8 37.c6 bxc6
38.Rxc6 Kf4 39.Rd3 Ke5 40.Bxh5 Rg5 41.Bf3 Rh8 42.Kf1 Rh4 43.Ke1 Nf6 44.Re3+ Kf5
45.Rb3 Rd4 46.Rc2 Ne4 47.Be2 Rg3 48.Rcb2 Nc3 49.Bg4+ Kf4 50.Rf2+ Ke5 51.Bf3 Rd3
52.Re2+ Kd6 53.Rd2 Rxd2 54.Kxd2 d4 55.Rb2 Bxh3 56.Ke1 Be6 57.Rd2 Ke5 58.Bb7 Re3+
59.Kf1 Ne4 60.Rd1 Bg4 61.Nc4+ Kf4 62.Nxe3 Ng3+ 63.Ke1 Kxe3 64.Rd2 Be2 65.Bc6 d3
66.b5 axb5 67.axb5 Nf1 68.Rxe2+ dxe2 69.b6

[Event "2 Bundesliga Ost 2007/2008"]
[Site "20 2110Bruck,3011 212Bade"]
[Date "2007.11.30"]
[Round "3"]
[Board "5"]
[White "Zaynard, Andreas"]
[Black "Mihok, Oliver"]
[Result "1/2-1/2"]
[WhiteElo "2078"]
[BlackElo "2371"]
[PlyCount "81"]
[EventDate "2007.10.20"]
[EventType "team"]
[EventRounds "11"]
[EventCountry "AUT"]
[WhiteTeam "Aljechin/Wieden"]
[BlackTeam "Husek Wien"]

1.e4 c5 2.d3 Nc6 3.g3 d5 4.exd5 Qxd5 5.Nf3 Bg4 6.Bg2 Nd4 7.Nbd2 Qe6+ 8.Kf1 Nf6
9.h3 Nxf3 10.Nxf3 Bh5 11.Qd2 Qc8 12.Ne5 Nd7 13.Qg5 Bg6 14.Nxg6 hxg6 15.Bd2 e6
16.Bc3 Be7 17.Qe3 Bf6 18.Bxf6 Nxf6 19.Bf3 Qc7 20.Kg2 Rd8 21.Rhe1 O-O 22.Qe5 Qe7
23.a4 a5 24.Ra3 b6 25.Raa1 Rd4 26.b3 Rfd8 27.Re2 R8d6 28.Rae1 Nd7 29.Qe3 e5
30.h4 f5 31.Qg5 Qxg5 32.hxg5 Re6 33.Bb7 Kf7 34.Bc8 e4 35.Bxd7 Rxd7 36.dxe4 fxe4
37.Rxe4 Rxe4 38.Rxe4 Rd5 39.c4 Rxg5 40.f4 Rh5 41.Kf3

[Event "2 Bundesliga Ost 2007/2008"]
[Site "20 2110Bruck,3011 212Bade"]
[Date "2007.11.30"]
[Round "3"]
[Board "1"]
[White "Vlcek, Stanislav"]
[Black "Vyskocil, Neklan"]
[Result "1/2-1/2"]
[WhiteElo "2322"]
[BlackElo "2308"]
[PlyCount "66"]
[EventDate "2007.10.20"]
[EventType "team"]
[EventRounds "11"]
[EventCountry "AUT"]
[WhiteTeam "Blackburne Nickelsdorf"]
[BlackTeam "SK Zwettl"]

1.e4 c5 2.Nf3 d6 3.d4 cxd4 4.Nxd4 Nf6 5.Nc3 Nc6 6.Bg5 e6 7.Qd2 a6 8.O-O-O Nxd4
9.Qxd4 Be7 10.f4 b5 11.Bxf6 gxf6 12.e5 d5 13.f5 Bb7 14.fxe6 fxe6 15.Be2 h5 16.g4
hxg4 17.exf6 Bxf6 18.Qxg4 Qe7 19.Qg6+ Qf7 20.Qxf7+ Kxf7 21.Ne4 dxe4 22.Rd7+ Kg6
23.Rxb7 Kf5 24.Rf1+ Ke5 25.Bxb5 Rxh2 26.Bxa6 Rxa6 27.Rb5+ Kd4 28.Rxf6 Rh1+
29.Kd2 e3+ 30.Ke2 Rh2+ 31.Ke1 Kc4 32.Re5 Rxc2 33.Rfxe6 Rxe6